Gallivare malmfält; (Record no. 26833)

MARC details
000 -LEADER
fixed length control field 00974cam a22002531 4500
001 - CONTROL NUMBER
control field gs 30000312
003 - CONTROL NUMBER IDENTIFIER
control field DLC
005 - DATE AND TIME OF LATEST TRANSACTION
control field 20260227111335.0
008 - FIXED-LENGTH DATA ELEMENTS--GENERAL INFORMATION
fixed length control field 810112s1930 sw ab b 000 0 swe c
010 ## - LIBRARY OF CONGRESS CONTROL NUMBER
LC control number gs 30000312
035 ## - SYSTEM CONTROL NUMBER
System control number (OCoLC)7056721
040 ## - CATALOGING SOURCE
Original cataloging agency Library, U.S. Geological Survey
Transcribing agency NIC
Modifying agency DLC
041 0# - LANGUAGE CODE
Language code of text/sound track or separate title swe
Language code of summary or abstract eng
042 ## - AUTHENTICATION CODE
Authentication code premarc
050 00 - LIBRARY OF CONGRESS CALL NUMBER
Classification number QE282
Item number .A3 ser. Ca no. 22
100 1# - MAIN ENTRY--PERSONAL NAME
Personal name Geijer, Per,
Dates associated with a name 1886-1976.
245 00 - TITLE STATEMENT
Title Gallivare malmfält;
Remainder of title geologisk beskrivning,
Statement of responsibility, etc. av Per Geijer ... With a summary: Geology of the Gallivare iron ore field.
260 ## - PUBLICATION, DISTRIBUTION, ETC.
Place of publication, distribution, etc. Stockholm,
Name of publisher, distributor, etc. Kungl. boktryckeriet, P. A. Norstedt & söner,
Date of publication, distribution, etc. 1930.
300 ## - PHYSICAL DESCRIPTION
Extent 115 p.
Other physical details incl. illus., tables, diagrs. 4 fold. col. pl. (incl. maps)
Dimensions 31 cm.
490 0# - SERIES STATEMENT
Series statement [Sweden) Sveriges geologiska undersökning. Ser. Ca. Avhandlingar och uppsatser i 4:o,
Volume/sequential designation no. 22
500 ## - GENERAL NOTE
General note Plates in pocket.
504 ## - BIBLIOGRAPHY, ETC. NOTE
Bibliography, etc. note "Litteraturförteckning": p. 114-115,
650 #0 - SUBJECT ADDED ENTRY--TOPICAL TERM
Topical term or geographic name entry element Iron ores
Geographic subdivision Sweden.

No items available.

Powered by Koha